Statistiques concernant Les meilleurs buteurs de l'histoire de l'AS Monaco

Cliquez ici pour prendre le quiz!

Statistiques générales

  • Ce quiz a été pris 37 fois
  • Le résultat moyen est 4 sur 10

Statistiques - réponses

ButsNationalitéJoueur% Correct
83ColombieRadamel Falcao
94%
113FranceWissam Ben Yedder
88%
193Italie / ArgentineDelio Onnis
59%
67FranceLudovic Giuly
50%
67République démocratique du CongoShabani Nonda
50%
67BrésilSonny Anderson
44%
77NigériaVictor Ikpeba
29%
68FranceYouri Djorkaeff
18%
74FranceYvon Douis
6%
114FranceLucien Cossou
3%

Distribution des résultats

Percentile par nombre de réponses

% des personnes avec chaque résultat

Votre développement - résultats

Vous n’avez pas pris ce quiz